000 00499nam a22001817a 4500
008 170620b xxu||||| |||| 00| | tur d
020 _a9789756122655
041 _atur
050 _aPL248.T63
100 _9938
_aTülin Arseven
245 _aYazgıya Başkaldıran Yazar Necati Tosuner
250 _a1. baskı
260 _aErzurum
_bSalkımsöğüt Yayınları
_c2007
300 _a360 sayfa
500 _aSalkımsöğüt Yayınları: 72
650 0 _9145
_aTürk Edebiyatı
942 _2lcc
_cBK
999 _c1738
_d1713